Trenerzy piłki nożnej na literę J - Statystyki

Ogólne statystyki
  • Ten quiz został rozwiązany 26 razy
  • Średni wynik to 2 z 9
Statystyki odpowiedzi
Prowadzone zespoły Odpowiedź % Poprawnych
Legia Warszawa 1994-1996 Polska 2002-2006 Paweł Janas
100%
Torino 2021-2024 Southampton 2024-2025 Atalanta Bergamo 2025- Ivan Juric
32%
Benfica 2009-2015 2020-2021 Sporting Lizbona 2015-2018 Jorge Jesus
23%
AS Monaco 2014-2018 Leonardo Jardim
23%
Olympique Lyon 1976-1980 Girondins Bordeaux 1980-1989 Francja 1993-1998 Aime Jacquet
18%
Widzew Łódź 1969-1976 ŁKS Łódź 1976-1978 1981-1984 1987-1990 Ruch Chorzów 1978-1980 Pogoń Szczecin 1985-1987 Leszek Jezierski
14%
FC Porto 1984-1987 1989-1991 PSG 1991-1994 Artur Jorge
9%
Steaua Bukareszt 1975-1978 1984-1986 Rumunia 1986-1990 2000 Emeric Jenei
5%
Sparta Praga 1964-1969 1982-1984 1986-1988 Czechosłowacja 1972-1978 Feyenoord Rotterdam 1978-1982 Vaclav Jezek
5%
Nie znaleziono quizów pasujących do podanych kryteriów
Rozkład punktacji
Procent ludzi z każdym wynikiem
Percentyl według liczby udzielonych odpowiedzi
Twoja historia wyników
Nie rozwiązałeś tego quizu